Online
Catalog

Eh Joe y otros escritos / (Record no. 4675)

MARC details
000 -CABECERA
campo de control de longitud fija 00702cam a2200205 a 4500
001 - NÚMERO DE CONTROL
campo de control 000004869
005 - FECHA Y HORA DE LA ÚLTIMA TRANSACCIÓN
campo de control 20200929151525.0
008 - DATOS DE LONGITUD FIJA--INFORMACIÓN GENERAL
campo de control de longitud fija 731001s1969 ve 000 | spa
040 ## - FUENTE DE LA CATALOGACIÓN
Centro catalogador/agencia de origen DO-SdBNP
Lengua de catalogación spa
Centro/agencia transcriptor BNPHU
041 17 - CÓDIGO DE LENGUA
Código de lengua del texto/banda sonora o título independiente eng
Código de lengua original spa
082 ## - NÚMERO DE LA CLASIFICACIÓN DECIMAL DEWEY
Número de clasificación xxx
Número de documento/Ítem B396e
100 1# - ENTRADA PRINCIPAL--NOMBRE DE PERSONA
Nombre de persona Beckett, Samuel,
Fechas asociadas al nombre 1906-1989.
9 (RLIN) 14102
240 10 - TÍTULO UNIFORME
Título uniforme Eh Joe and other writings
Lenguaje de la obra Español
245 10 - MENCIÓN DE TÍTULO
Título Eh Joe y otros escritos /
Mención de responsabilidad, etc. Samuel Beckett; traducción de Raquel Bengolea.
260 ## - PUBLICACIÓN, DISTRIBUCIÓN, ETC.
Lugar de publicación, distribución, etc. Caracas :
Nombre del editor, distribuidor, etc. Monte Avila,
Fecha de publicación, distribución, etc. 1969.
300 ## - DESCRIPCIÓN FÍSICA
Extensión 103 p. ;
Dimensiones 20 cm.
505 0# - NOTA DE CONTENIDO CON FORMATO
Nota de contenido con formato Eh Joe.--Act without words II.--Film.
534 ## - NOTA SOBRE LA VERSIÓN ORIGINAL
Encabezamiento principal del original Título de los originales en ingles :
Mención de título del original Eh Joe and other writings
700 1# - PUNTO DE ACCESO ADICIONAL--NOMBRE DE PERSONA
Nombre de persona Bengolea, Raquel,
Término indicativo de función/relación tr.
9 (RLIN) 14103
Holdings
Estado de retiro Estado de pérdida Restricciones de uso No para préstamo Código de colección Localización permanente Ubicación/localización actual Ubicación en estantería Fecha de adquisición Número de inventario Total de préstamos Signatura topográfica completa Código de barras Fecha visto por última vez Precio válido a partir de Tipo de ítem Koha Número de copia
    Préstamo interno Préstamo restrigido Monografías: Libros y Folletos General General En encuadernación 27.07.2009 LF1   xxx B396e 4869-10 25.06.2020 25.06.2020 Préstamo interno  
    Préstamo interno Préstamo restrigido Monografías: Libros y Folletos General General En encuadernación 12.04.2010 LF1   xxx B396e 4869-20 25.06.2020 25.06.2020 Préstamo interno e.2
        Monografías: Libros y Folletos Patrimonio Dominicano Patrimonio Dominicano Orden iniciada 29.03.2017 LF1   xxx B396e 4869-30 25.06.2020 25.06.2020 No se presta  

Powered by Koha